Регионална библиотека "Любен Каравелов" - Русе

Избрани творби (Запис номер 187968)

MARC детайли
000 -Лидер
Контролно поле с фиксирана дължина 01789nam a2200385 c 4500
003 - Код на организацията, давaща контролен номер
Контролно поле BLK
005 - Дата и час на последна редакция
Контролно поле 20250330004147.0
008 - Елементи от данни с фиксирана дължина
fixed length control field 180411b bul|||||r ||||||| ||bul||
010 ## - Наследен системен номер
LC control number KNG00196986000
040 ## - Източник на каталожния запис
Идентификатор на билиотеката - собственик на записа BLK
041 ## - Код за език
Код за езика на текст/звукозапис или на отделно заглавие Български
Код за езика КДБФ Български
080 ## - УДК
Текстов определител УДК Френска литература
УДК код - определител по УДК 821.133.1
УДК определител (081.2)
УДК - код + определител 821.133.1(081.2)
080 ## - УДК
Текстов определител УДК Френска литература
УДК код - определител по УДК 821.133.1
УДК определител -31
УДК - код + определител 821.133.1-31
080 ## - УДК
Текстов определител УДК Френска литература
УДК код - определител по УДК 821.133.1
УДК определител -32
УДК - код + определител 821.133.1-32
100 1# - Редна дума - Автор
Автор Стендал
Авторска отговорност първи автор
Автор - информация (биография) Бейл, Анри Мари
R(LIN) 124099
139 ## - Редно поле
Редна дума Стендал
Авторски знак Сте - С 75
245 10 - Сведения за заглавието
Заглавие Избрани творби
Подзаглавни данни В 4 т. За том: Роман
Редно поле (дума) Стендал; прев. на том Атанас Христов Далчев; с послесл. от на том Борис Г. Реизов.
Том Т. 2
Заглавие на том Пармският манастир
257 ## - Страна на издаване
Страна на създаване/издаване Франция
260 ## - Област на издателските данни
Име на издателя, разпространителя и проч. Нар. култура
Година на издаване 1982 -
Място на издаване, разпространение и проч. София
300 ## - Физическа характеристика
Размери/Мащаб 21 см
Страници 752 с.
380 ## - Жанр
Жанр Худож. лит.
500 ## - Общи забележки
Забележка 100 125 тир.
505 ## - Форматирана забележка
Подзаглавни данни Новели
Заглавие Италиански хроники
700 ## - Други автори (авторска отговорност)
Лично име Далчев, Атанас Христов
Дати, свързани с автора 1904-1978
Друга информация Поет. Преводач от английски, френски, немски, испански, руски, гръцки и унгарски език.
9 (RLIN) 363753
700 1# - Други автори (авторска отговорност)
Лично име Реизов, Борис Г.
Автороска отговорност (Описва отношението между автора и произведението) с послесл. от на том
9 (RLIN) 115777
760 1# - Описание на основната серия
Редна дума на основното описание Стендал
Място на издаване, издател и година 1982
Страници - том 752 с.
Заглавие Т. 2 Пармският манастир
852 ## - Местоположение
Форматна сигнатура Цб 116304
Фондова буква Хранилище
856 4# - Електронен адрес и достъп
Електронен формат pdf - файл
856 4# - Електронен адрес и достъп
Електронен формат pdf - файл
999 ## - СИСТЕМНИ КОНТРОЛНИ НОМЕРА
Koha biblionumber 187968
Koha biblioitemnumber 187968
942 ## - АРТИКУЛИ
Вид на библиотечния материал Книги
Скрит в OPAC Не
Koha issues (borrowed), all copies 2
Периодичен библиозапис Да
944 ## - СЪЗДАВАНЕ И РЕДАКЦИЯ на ЗАПИСА
Създаване/Редакция Създаване
Дата на регистрацията/редакция 29.11.2016
Служител, извършил регистрацията/редакцията
Статус, дата на статуса CRON CRON
944 ## - СЪЗДАВАНЕ И РЕДАКЦИЯ на ЗАПИСА
Създаване/Редакция Редакция
Дата на регистрацията/редакция 29.11.2016
Служител, извършил регистрацията/редакцията Правда_Бадева
944 ## - СЪЗДАВАНЕ И РЕДАКЦИЯ на ЗАПИСА
Създаване/Редакция Редакция
Дата на регистрацията/редакция 2022-04-18
Служител, извършил регистрацията/редакцията ВП
999 ## - СИСТЕМНИ КОНТРОЛНИ НОМЕРА
Koha biblioitemnumber 187968
Наличности
Код за отписване Код за изгубен артикул Източник на класификационната схема Код за повреда Коз за рестрикции Код за отдаване Артикулен № Име на библиотеката - собственик Име на библиотеката, в която се намира в момента Статус (Текущо местоположение) Дата на вписване в системата Местоположение - отдел Цена в лева Инвентарен номер Систематично азбучна сигнатура Баркод Номер на екземпляра Цена в евро Служебна бележка Служебен тип на артикула
  Не е изгубен Universal Decimal Classification Не е повреден без рестрикции ползва се в читалня 328818 Регионална библиотека "Любен Каравелов" Русе Регионална библиотека "Любен Каравелов" Русе Хранилище 1982-01-01 Хранилище 5.27 359706 Цб 116304 120000359706 1 2.69 N: стар фонд Дата: 01.01.1982 Книги
  Не е изгубен Universal Decimal Classification Не е повреден без рестрикции заемане за дома 328819 Регионална библиотека "Любен Каравелов" Русе Регионална библиотека "Любен Каравелов" Русе Заемна - подръчен фонд 1982-01-01 Заемна - подръчен фонд 5.27 359060 П 840(081)/С 75 120000359060 2 2.69 N: стар фонд Дата: 01.01.1982 Дата инв: 01.03.2018 Бележки инв: П2018 Книги
Изтеглен Не е изгубен Universal Decimal Classification Не е повреден без рестрикции заемане за дома 328820 Регионална библиотека "Любен Каравелов" Русе Регионална библиотека "Любен Каравелов" Русе Заемна - подръчен фонд 1982-01-01 Заемна - подръчен фонд 5.27 359064 П 840(081)/С 75 359064 3 2.69 N: стар фонд Дата: 01.01.1982 Книги
Изтеглен Не е изгубен Universal Decimal Classification Не е повреден без рестрикции заемане за дома 328821 Регионална библиотека "Любен Каравелов" Русе Регионална библиотека "Любен Каравелов" Русе Заемна - подръчен фонд 1982-01-01 Заемна - подръчен фонд 5.27 359065 П 840(081)/С 75 359065 4 2.69 N: стар фонд Дата: 01.01.1982 Книги
Изтеглен Не е изгубен Universal Decimal Classification Не е повреден без рестрикции заемане за дома 328822 Регионална библиотека "Любен Каравелов" Русе Регионална библиотека "Любен Каравелов" Русе Заемна - подръчен фонд 1982-01-01 Заемна - подръчен фонд 5.27 359067 П 840(081)/С 75 359067 5 2.69 N: стар фонд Дата: 01.01.1982 Книги
  Не е изгубен Universal Decimal Classification Не е повреден без рестрикции заемане за дома 328823 Регионална библиотека "Любен Каравелов" Русе Регионална библиотека "Любен Каравелов" Русе Дубликат 1982-01-01 Заемна - подръчен фонд 5.30 659990 П 840(081)/С 75 120000659990 6 2.71 N: стар фонд Дата: 01.01.1982 Книги
Vip Innovations Ltd, Rousse, Bulgaria 2025